Statistics for Blue and Yellow Teams

Click here to take the quiz!

General Stats

  • This quiz has been taken 11 times
  • The average score is 12 of 27

Answer Stats

NCAA - FBSAnswer% Correct
NBAGolden State Warriors
89%
NFLLos Angeles Chargers
78%
NFLLos Angeles Rams
78%
NHLSt Louis Blues
78%
NCAA - FBSUniversity of Michigan Wolverines
67%
MLBMilwaukee Brewers
56%
NBANew Orleans Pelicans
56%
MLBTampa Bay Rays
56%
NCAA - FBSUniversity of Notre Dame Fighting Irish
56%
NHLBuffalo Sabres
44%
NBADenver Nuggets
44%
NBAIndiana Pacers
44%
NFLJacksonville Jaguars
44%
MLBKansas City Royals
44%
NHLNashville Predators
44%
NCAA - FBSUnited States Naval Academy Midshipmen
44%
NCAA - FBSUniversity of California Los Angeles Bruins
44%
NBAUtah Jazz
44%
NCAA - FBSFlorida International University Panthers
33%
NCAA - FBSUniversity of California Golden Bears
33%
NCAA - FBSUniversity of Pittsburgh Panthers
33%
NCAA - FBSKent State University Golden Flashes
22%
NCAA - FBSUniversity of Tulsa Golden Hurricane
22%
NCAA - FBSUniversity of Akron Zips
11%
NCAA - FBSWest Virginia Universtiy Mountaineers
11%
NCAA - FBSSan Jose State University Spartans
0%
NCAA - FBSUniversity of Toledo Rockets
0%

Score Distribution

Percentile by Number Answered

Percent of People with Each Score

Your Score History

You have not taken this quiz